| 000 | 01590nam0a2200325 4500 | ||
|---|---|---|---|
| 001 | RU\NLR\BIBL_A\011731157 | ||
| 005 | 20180808110824.0 | ||
| 010 |
_a978-5-7422-6064-6 _9100 |
||
| 021 |
_aRU _bКН-П-18-2418 _9КН-П-18-033230 |
||
| 035 | _a(NLR Aleph) 011731157 | ||
| 035 | _a(RuMoRGB)009628832 | ||
| 090 |
_a11527965 _c11527965 |
||
| 100 | _a20180614d2017 k y0rusy50 ca | ||
| 101 | 0 | _aeng | |
| 102 | _aRU | ||
| 105 | _aa j 000zy | ||
| 200 | 1 |
_aEnterprise architecture: interdisciplinary case study _estudy guide _fNational research university, Peter the Great Saint-Petersburg polytechnic university _g[Igor V. Ilin et al.] |
|
| 210 |
_aSaint-Petersburg _cPublishing of Polytechnic university _d2017 |
||
| 215 |
_a130 с. _cил. _d20 |
||
| 320 | _aБиблиогр.: с. 129-130 | ||
| 541 | 1 |
_aАрхитектура предприятия: междисциплинарное тематическое исследование _eучебное издание |
|
| 606 | 1 |
_aПромышленные предприятия _xУправление _xИнформационные системы _jУчебные издания для высших учебных заведений _2nlr_sh2 _3RU\NLR\AUTH\661462627 |
|
| 686 | 1 | _aУ30(2)-210.302я73 | |
| 702 | 1 |
_aIl'in _bI. V. _cд-р экон. наук _gIgor' Vasil'evič _3RU\NLR\AUTH\770148792 _4220 |
|
| 712 | 0 | 2 |
_aPeter the Great St. Petersburg polytechnic university _3RU\NLR\AUTH\880411215 _4570 |
| 942 | _cBOOK | ||
| 980 | _aNB | ||